| 000 | 00451nam a2200169 i 4500 | ||
|---|---|---|---|
| 001 | 71812 | ||
| 003 | ES-MaACL | ||
| 005 | 20230906171234.0 | ||
| 007 | t| | ||
| 008 | 040819s1902 it ||||1| ita d | ||
| 100 | 1 |
_aGianturco, Emanuele. _956621 |
|
| 245 | 1 | 0 |
_aSistema di Diritto Civile italiano / _cEmanuele Gianturco. |
| 250 | _a3ยช ed. | ||
| 260 |
_aNapoli : _bLuigi Pierro, _c1902. |
||
| 300 |
_a2 v. ; _c24 cm. |
||
| 852 |
_aES-MaACL _jD-2233-34 |
||
| 999 |
_c71812 _d71812 |
||